00972cam a2200193 i 4500020001800000082001800018100003800036245005500074250002000129260003200149300004400181504006700225520034000292650002200632650004500654650002900699650002900728650002100757 a978103202834700a305.8bHALL-M1 aHall, Gordon C. Nagayamaeauthor.10aMulticultural psychology/cGordon C. Nagayama Hall aFourth edition. aNew York:bRoutledge,c2023 a302p.:billustrations( color), Index ; aIncludes bibliographical references (pages 410-454) and index. aThe new edition of this bestselling textbook helps students gain an understanding of how race, ethnicity, and culture shape their beliefs and behavior as well as those of people around them. It provides the perfect balance of careful presentation of psychological concepts and theories rendered discussion of their applications to POC. 0aMulticulturalism. 0aMulticulturalismxPsychological aspects. 0aMulticultural education. 0aMental health education. 0aEthnopsychology.